| 000 | 00399cam a2200169ua 4500 | ||
|---|---|---|---|
| 020 | _c10.00 | ||
| 041 |
_ahin _h |
||
| 082 |
_a891.43 _bKUS/BH |
||
| 100 | _aKushava, E . | ||
| 245 |
_aBharathiya prathyasha / _cE Kushava. _hTextual Documents |
||
| 260 |
_aDelhi : _bRajkamal Prakash , _c1964. |
||
| 300 | _a710 ; . | ||
| 365 | _a10.00 | ||
| 504 | _a | ||
| 942 | _cBK | ||
| 999 |
_c3658 _d3658 |
||